000 00300nam a22001337a 4500
008 170420b xxu||||| |||| 00| 0 eng d
020 _a9780805396140
041 _aeng
080 _24TH
_a573
100 _a11
101 _aSHM
245 _aMOLECULAR BIOLOGY OF THE GENE
_cWATSON
942 _2udc
_cBK
999 _c11326
_d11326